Účtovanie záväzkov voči zamestnancom vyplývajúcich z pracovno-právnych vzťahov bakalárska práca

Salvato in:
Dettagli Bibliografici
Autore principale: Hullová, Eva
Ente Autore: Fakulta hospodárskej informatiky EU. Katedra účtovníctva a audítorstva
Altri autori: Tomanicová, Viera
Natura: Libro
Lingua:slovacco
Pubblicazione: Bratislava 2015
Tags: Aggiungi Tag
Nessun Tag, puoi essere il primo ad aggiungerne!!

MARC

LEADER 00000nbm a2200000 4500
001 0206544
005 20161212111602.2
041 0 |a slo 
044 |a SK 
245 1 0 |a Účtovanie záväzkov voči zamestnancom vyplývajúcich z pracovno-právnych vzťahov  |b bakalárska práca  |c Eva Hullová ; školiteľ: Viera Tomanicová 
264 1 |a Bratislava  |c 2015 
300 |a 42 s. 
100 1 |a Hullová, Eva 
700 1 |a Tomanicová, Viera 
710 2 |a Fakulta hospodárskej informatiky EU. Katedra účtovníctva a audítorstva